| 000 | 00745nam a2200253 4500 | ||
|---|---|---|---|
| 001 | 17198 | ||
| 003 | BD-RjUL | ||
| 005 | 20211209000114.0 | ||
| 008 | 140216r19701960enkaf b 001 0 eng | ||
| 035 | _a(BD-RjUL)17255 | ||
| 040 |
_aDLC _cDLC _dDLC _dBD-RjUL _beng |
||
| 041 | _aeng | ||
| 082 | 0 | 0 |
_a709.4 _bPAR 1970 |
| 100 | 1 |
_aPanofsky, Erwin, _d1892-1968. _953038 |
|
| 245 | 1 | 0 |
_aRenaissance and renascences in Western art / _cErwin Panofsky |
| 260 |
_aLondon : _bPaladin, _cc1960 [Reprinted 1970]. |
||
| 300 |
_axv, 242 p., 117 plates. : _bill. ; _c20 cm. |
||
| 350 | _a15/- | ||
| 504 | _aBibliography: p. 211-230. and index. | ||
| 650 | 0 |
_aArt, Renaissance. _951225 |
|
| 942 |
_2ddc _cBK |
||
| 999 |
_c17198 _d17198 |
||